|
|
|
|
| LEADER |
01357nam a2200313 u 4500 |
| 001 |
10021764 |
| 003 |
upatras |
| 005 |
20210317132613.0 |
| 008 |
990123s1990 us eng |
| 020 |
|
|
|a 0060416777
|
| 040 |
|
|
|a GR-PaULI
|c GR-PaULI
|
| 041 |
0 |
|
|a eng
|
| 082 |
0 |
4 |
|a 330.9
|
| 100 |
1 |
|
|a Dicken, Peter
|9 23450
|
| 245 |
1 |
0 |
|a Location in space
|b theoretical perspectives in economic geography
|c Peter Dicken, Peter E. Lloyd
|
| 250 |
|
|
|a 3rd edition
|
| 260 |
|
|
|a New York
|b Harper & Collins
|c 1990
|
| 300 |
|
|
|a xiv, 431 p.
|b fig.
|c 25 cm.
|
| 504 |
|
|
|a Includes bibliography and index
|
| 650 |
|
4 |
|a Oικονομική Γεωγραφία
|9 3757
|
| 650 |
|
4 |
|a Βιομηχανικές εγκαταστάσεις
|9 7928
|
| 700 |
1 |
|
|a Lloyd, Peter E
|9 146508
|
| 852 |
|
|
|a GR-PaULI
|b ΠΑΤΡΑ
|b ΒΚΠ
|k ΑΣΧΞ
|h 330.9 DIC
|m 1606
|p 025000047685
|t 1
|
| 852 |
|
|
|a GR-PaULI
|b ΠΑΤΡΑ
|b ΒΚΠ
|k ΑΣΧΞ
|h 330.9 DIC
|m 042817
|p 025000054714
|t 1
|
| 942 |
|
|
|2 ddc
|c BK15
|
| 952 |
|
|
|0 0
|1 0
|2 ddc
|4 0
|6 330_900000000000000_DIC
|7 0
|9 184775
|a LISP
|b LISP
|c BSC
|d 2016-04-24
|i 135092
|l 0
|o 330.9 DIC
|p 025000047685
|r 2016-04-24 00:00:00
|t 1
|w 2016-04-24
|y BK15
|
| 952 |
|
|
|0 0
|1 0
|2 ddc
|4 0
|6 330_900000000000000_DIC
|7 0
|9 184776
|a LISP
|b LISP
|c BSC
|d 2016-04-24
|i 042817
|l 0
|o 330.9 DIC
|p 025000054714
|r 2016-06-07 00:00:00
|t 2
|w 2016-04-24
|y BK15
|
| 998 |
|
|
|c ΣΥΨΑ
|d 1999-04
|
| 999 |
|
|
|c 113861
|d 113861
|